| 000 | 00648cam5a220022900 4500 | ||
|---|---|---|---|
| 001 | lcu00008235 | ||
| 003 | DLC | ||
| 005 | 20190830112806.0 | ||
| 008 | 941013s1963 yu eng | ||
| 010 | _a 94218485 | ||
| 035 | _a(Sirsi) r46210 | ||
| 035 | _a(DLC) 94218485 | ||
| 035 | _a(UPRA)lcu00008235 | ||
| 040 |
_aDLC _cDLC _dUPRA |
||
| 050 | 0 | 0 | _aMLCS 94/1703 (H) |
| 100 | 1 |
_aPolajnar, A. _6A4102.1 |
|
| 245 | 1 | 4 |
_aThe enterprise and national income distribution / _cA. Polajnar. |
| 260 |
_aBeograd : _bYugoslav Trade Unions, _c1963. |
||
| 949 |
_aMLCS 94/1703 (H) _wlcc _mMAIN _tBOOK _lON-SHELF |
||
| 004 | 46210 | ||
| 987 | _aWITHDRAWN | ||
| 999 |
_c192296 _d192296 |
||